00663nam a22001817a 450000500170000000800410001704100080005808200230006610000230008924500470011226000520015930000090021150000250022050000150024594200070026099900190026795201950028620250415171016.0250415b |||||||| |||| 00| 0 eng d amar a891.46bIND B22552 aIndulkar U9211912 aPrachin Mandire, Murti ani Bhavpurn Shilpe aPunebBharatiya Vichar Sadhana Prakashan c2017 a200p aMarathi Literature  aLiterature cBK c365925d365925 00102ddc4070aHIMRbHIMRd2025-03-17eBharatiya Vichar Sadhana Foundation g390.00iHO/IN/579l0o891.46 IND B22552pHIMR-BK-22552r2025-04-15 00:00:00t30v273.00w2025-03-11yBKzB22552